MDQL
is popping MORE tags! Check the
thread
!
Quizzes
Events
Quiz Creation
Community
Videos
Private Events
Remove Ads
Sign In
Join for FREE
Feedback
Dark Mode
Quiz Categories
Sports
Geography
Music
Movies
Television
Just For Fun
Miscellaneous
History
Literature
Language
Science
Gaming
Entertainment
Religion
Holiday
For Kids
Quiz Lab
Recent
Popular Today
Quiz Kudos Today
Editor Picks
Curator Picks
Quizzes by...
Day
Popularity
Type
Ratings
Length
Year
Community
Subscriptions
Recent Discussions
Orange Saloon
Badges
Playlists
Quests
Create
Leaderboards
Showdown
Live 5
Trivia Bingo
Activity
Puzzle Library
Sporcle Events
Private Events
Virtual Trivia
Globe League
Become a Host
Pub Owners
SporcleCon
Opinionation
Our Games
Videos
Blog
Mobile Apps
Partnerships
Remove Ads and Go Orange
Feedback
Sports
Athletes
MLB
NBA
NHL
NFL
Soccer
Sports Teams
WWE
NCAA
Football
Premier League
Basketball
Baseball
Hockey
Golf
Tennis
Cricket
Rugby
Auto Racing
Olympics
World Cup
Sports
Athletes
MLB
NBA
NHL
NFL
Soccer
Sports Teams
WWE
NCAA
Football
Premier League
Basketball
Baseball
Hockey
Golf
Tennis
Cricket
Rugby
Auto Racing
Olympics
World Cup
Random Quiz
Search Sporcle
×
Quiz Lab
Quiz Lab
Sports
WWE
Type in answers that appear in a list
Type in answers that appear in a list
Classic
Best Score? Go Orange.
WWE Stables and Factions Stats
Can you name the WWE stables by its members?
By
bgriffin00
10m
33 Questions
2,269 Plays
2,269 Plays
2,269 Plays
Comments
Comments
Give Quiz Kudos
Give Quiz Kudos
-
- Ratings
hide this ad
Replay
Link that replays current quiz
Next Quiz
Link to next quiz in quiz playlist
You Got
0%
They Got
Avg Score
66%
Avg Friend Score
Upgrade to see
Score Distribution
Jump to the score distribution portion of the page
Score
0/33
Timer
10:00
0
Plays Today
Members
Stable
% Correct
X-
Pac, Road Dogg, Billy Gunn, Rick Rude, Mike Tyson, Shawn Michaels, Chyna, Triple H, Tori
D-Generation X
93.5%
Gangrel, Edge, Christian
The Brood
90.7%
Hulk Hogan, Kevin Nash, Scott Hall, X-
Pac, The Big Show, Booker T., Ric Flair, Shawn Michaels
nWo
85.9%
Mason Ryan, Michael McGillicutty, Husky Harris, David OtungaCM Punk,Wade Barrett, Daniel Bryan, Michael Tarver, Darren Young, Heath Slater, John Cena, Justin Gabriel
Nexus
83.8%
Ric Flair, Triple H, Batista, and Randy Orton
Evolution
83.7%
Shane McMahon, Pat Patterson, Gerald Brisco, Big Boss Man, Chyna, Triple H, Mankind, Sgt Slaughter, Shawn Michaels, Kane, Big Show, Ken Shamrock, The Rock, Test, Vince McMahon
The Corporation
83.4%
Jimmy Hart, Bret Hart, Owen Hart, Jim Neidhart, British Bulldog
The Hart Foundation
79.8%
Bubba Ray Dudley, D-
Von Dudley, Spike Dudley
Dudleyz
78.8%
The Undertaker, Paul Bearer, Bradshaw, Faarooq, Mideon, Viscera, Edge, Christian, Gangrel
Ministry of Darkness
78.5%
Rikishi, Scotty 2 Hotty, Grandmaster Sexay
2 Cool
78.2%
Joey Mercury, Johnny Nitro, Melina
MNM
77.4%
Kenny, Johnny, Mitch, Nicky, Mikey
Spirit Squad
77.4%
Faarooq, Bradshaw, Mideon, and Jacqueline
APA
76.2%
Crush, Savio Vega, J. C. Ice, Wolfie-
D, Ahmed Johnson, Faarooq, The Rock, Owen Hart, Kama Mustafa, D-
Lo Brown, Mark Henry
Nation of Domination
70%
Lance Storm, Christian, Test, William Regal
The Un-Americans
69.6%
Bradshaw, Faarooq, Big Boss Man, Chyna, Mideon, Viscera, The Undertaker, Vince McMahon, Paul Bearer, Shane McMahon, Triple H,
The Corporate Ministry
69%
Steven Richards, Bull Buchanan, The Godfather, Val Venis, Ivory
Right to Censor
69%
Members
Stable
% Correct
Gangrel, Jeff Hardy, Matt Hardy
The New Brood
66.9%
Paul Heyman, Shane Mcmahon, Stephanie Mcmahon-
Helmsley, Steve Austin, Booker T, Chris Kanyon, Billy Kidman, Lance Storm, Hurricane Helms, Chuck Palumbo, Sean O'Hare, Mike Awesome,
The Alliance
66.4%
Perry Saturn, Eddie Guerrero, Chris Benoit, Dean Malenko, Terri Runnells
The Radicalz
65.4%
Shane McMahon, Joey Abs, Rodney, Pete Gas, Willie Green.
Mean Street Posse
64.1%
Mr. Fuji, Axe, Smash, Crush
Demolition
63.6%
Super Crazy, Juventud Guerrera, Psychosis
Mexicools
58.3%
Rene Dupree, Sylvan Grenier, Rob Conway.
La Resistance
58.1%
Al Snow, Bob Holly, Scorpio, Gillberg, The Blue Meanie
JOB Squad
57.4%
Mankind, Test, Ken Shamrock, Big Show
The Union
56.6%
Bobby 'The Brain' Heenan, Andre the Giant, Haku, The Red Rooster, Rick Rude, Mr Perfect, The Barbarian, Tama, Hercules, Harley Race, Paul Orndorff, Arn Anderson, Tully Blanchard, K
The Heenan Family
54.9%
Elijah Burke, Kevin Thorn, CM Punk, Marcus Cor Von
New Breed
52%
Kurrgan, Giant Silva, George 'the Animal' Steele, Jackyl, Hank the Angry Drunken Dwarf, Fred, the Elephant Boy, Crackhead Bob, Insane Clown Posse, Luna, Golga, Sable
Oddities
50.8%
Ted DiBiase, IRS, Nikolai Volkoff, Kama, Tatanka, Bam Bam Bigelow, The Undertaker II (Brian Lee), The Ringmaster (Steve Austin), The 1-
2-
3 Kid, Sid, X-
anta Klaus, King Kong Bundy
Million Dollar Corporation
44.7%
Paul Ellering, Chainz, 8-
Ball, Skull, Crush
Disciples of Apocalypse
33.7%
Jim Cornette, Yokozuna, Owen Hart, British Bulldog, Vader,
Camp Cornette
31.2%
Vince McMahon, Shane McMahon, Stephanie McMahon, X-
Pac, Road Dogg, Tori, Pat Patterson, Gerald Brisco, Billy Gunn, Triple H, Chris Benoit, Kurt Angle, Test, Albert, Trish Stratus,
McMahon-Helmsley Era
19.4%
Quiz Playlist
Details
Report
Send in Message
Add To Playlist
Classic:
Type in answers that appear in a list
Quiz Source
Last Updated: Oct 23, 2018
Quiz Scoreboard
CHALLENGE
Sign Up to Join the Scoreboard
Show All
Scores
Hide
Comments
May contain spoilers
Recently Published
5x2 Blitz: Bands
by SL_Kpop136
Music
30s
Colored Red Africa Blitz
by spor1
Geography
30s
Find the 'City' Movie
by crazypaving
Movies
60s
More to Explore
Quiz From the Vault
Featured Blog Post
14 Easter Pick-up Lines to Find Eggs With
hide this ad
You Might Also Like...
Tags
WWE Quiz
2000s
faction
Tag Team
Wrestlers
Today's Top Quizzes in Sports
Browse Sports
hide this ad
Today's Top Quizzes in WWE
Browse WWE
Top Contributed Quizzes in Sports
1
Players with Multiple 50 Home Run Seasons
2
Criteria MLB: Left Handed Sluggers
3
MLB Players with Two .350 Batting Average Seasons
4
Who Hit More Homers?
5
Premier League Clubs since 2000 (minefield)
6
Who Needs Fielders?
7
2020 F1 Drivers Logic Puzzle
8
Les entraîneurs de l'OM et du PSG au 21e siècle
9
Top 10 NHL Goal Scorers of All Time
10
MLB Hall of Famer by Rings
Explore More
Trending Topics
Crossword
Anime
NBA
Harry Potter
Kpop
Disney
Marvel
Pokémon
NFL
WWE
Song
Soccer
Country
The Office
Puzzle
hide this ad
More By:
bgriffin00
Quiz
Plays
Rating
Category
Featured
Created
WWE Champions Minefield
38,203
2.72
Sports
Jul 24, 2011
VH1 Top 100 Artists Minefield
20,527
3.53
Music
Aug 27, 2011
NBA Players >15 million
16,877
3.97
Sports
Jun 19, 2012
Active NBA Players who have been All-Stars (2022-2023)
13,511
4.63
Sports
Mar 28, 2013
WWE Most Wins by Year 2000-2023
9,634
4.63
Sports
Jul 27, 2019
Go to Creator's Profile
Score Distribution
Quiz Creator Spotlight
bgriffin00
Follow
Send a Message
Quizzes Created
-
Created Quiz Play Count
-
More By This Creator
Popular Quizzes Today
1
Find the 'City' Movie
2
5x2 Blitz: Bands
3
Colored Red Africa Blitz
4
Find the US States - No Outlines Minefield
5
The Countries of the World
6
Find the US States
7
9x9 Crossword: Cartoon Network
8
US States
More Sports Quizzes
The Last Dance: 1998 Finals
Quiz Lab
Trending Quizzes
Colored Red Europe Blitz I
Colored Red Africa Blitz II
Colored Red Europe Blitz III
Colored Red Europe Blitz II
Colored Red Africa Blitz III
Recently Updated
Champions League XIs: Real Madrid
pecheneg
Largest US Cities 1790-2010
pecheneg
Rides in Walt Disney World
pecheneg
Most Oscar Losses (Acting)
pecheneg
Beyoncé Albums
pecheneg
Leaping Animals
pecheneg
Reality TV Shows (A-Z)
bhenderson79
Rickey Henderson's Hall of Fame Teammates
pecheneg
Champions League XIs: Arsenal
pecheneg
Quick Pick: Celebrities in WWE's Hall of Fame
aduchscher
Trending Topics
Marvel
Anime
Disney
Crossword
Kpop
Harry Potter
NBA
WWE
Soccer
Puzzle
NFL
The Office
Song
Pokémon
Country
Your Account Isn't Verified!
In order to create a playlist on Sporcle, you need to verify the email address you used during registration. Go to your
Sporcle Settings
to finish the process.
Report this User
Report this user for behavior that violates our
Community Guidelines
.
Details:
Send Report
Go to the Sporcle.com Mobile Site →
Comments